000 00295nam a2200121Ia 4500
008 190216s9999||||xx |||||||||||||| ||und||
100 _aRomila Thapar.
245 0 _aInterpreting Early India Cultural Pasts
260 _bOxford Newyork
_c2008
300 _a181
650 _aHistory
942 _cBK
999 _c21198
_d21198